Marketing in Health Insurance Companies

Marketing v oblasti zdravotnej starostlivosti. Business mix (4P) a customer (4C) v zdravotníckom zariadení.

Gespeichert in:
Bibliographische Detailangaben
1. Verfasser: Juhászová, Zuzana, 1970-
Weitere Verfasser: Francová, Zuzana, 1971-
Format: Buchkapitel
Sprache:Englisch
Schlagworte:
Tags: Tag hinzufügen
Keine Tags, Fügen Sie das erste Tag hinzu!

MARC

LEADER 00000naa a2200000 4500
001 0240120
005 20240502073909.3
041 0 |a eng 
044 |a SK 
245 1 0 |a Marketing in Health Insurance Companies  |c Zuzana Juhászová, Zuzana Francová 
520 |a Marketing v oblasti zdravotnej starostlivosti. Business mix (4P) a customer (4C) v zdravotníckom zariadení. 
610 2 0 |a starostlivosť zdravotná 
610 2 0 |a marketing mix 
610 2 0 |a poisťovne zdravotné 
610 2 0 |a stratégia marketingová 
610 2 0 |a Slovensko 
100 1 |a Juhászová, Zuzana, 1970- 
700 1 |a Francová, Zuzana, 1971-